000 01203nam a2200301 a 4500
001 000017785
003 DO-SdBNP
005 20240409073639.0
007 ta
008 100405t1985 dr ac 001 0bspa d
040 _aDO-SdBNP
_bspa
_cBNPHU
082 4 _a923.17293053
_bT866v
_222
100 1 _aVargas, José Rafael,
_d1956-
_923148
245 1 0 _aTrujillo :
_bel final de una tiranía /
_cJosé Rafael Vargas ; proemio Miguel Ángel Prestol ; presentación Fernando Sánchez Martínez.
260 _aSanto Domingo :
_bUniversitaria,
_c1985.
300 _a298 p. :
_bil., retrs. ;
_c21 cm.
490 1 _aPublicaciones de la Universidad Autónoma de Santo Domingo
_v389
500 _aIncluye datos biográficos del autor en la contracubierta.
504 _aBibliografía : p. 287-295.
590 _aInventariado, 2022/BT
600 1 0 _aTrujillo Molina, Rafael Leónidas,
_d 1891-1961
_976764
700 1 _aPrestol, Miguel Angel
_96419
700 1 _aSánchez Martínez, Fernando
_97183
730 0 _aLa Noticia (República Dominicana)
_923291
830 0 _aPublicaciones de la Universidad Autónoma de Santo Domingo
_n389
_938671
910 _aValidado. Control de calidad EMS.
942 _2ddc
_cLBS1
999 _c17310
_d17310